| 000 | 00450nam a2200169Ia 4500 | ||
|---|---|---|---|
| 008 | 250428s9999 xx 000 0 und d | ||
| 020 | _a978-0-357-42437-7 | ||
| 082 | _a005.8 CIA | ||
| 100 | _a Ciampa, Mark | ||
| 245 | 0 | _aCompTIA security+: guide to network security fundamentals | |
| 250 | _a7th | ||
| 260 |
_aAustralia: _bCENGAGE Learning _c2022 |
||
| 300 | _a558p. | ||
| 600 | _aComputer Science | ||
| 650 | _aComputer Science | ||
| 942 | _cBK | ||
| 999 |
_c27260 _d27260 |
||